Jadrové žiarenie zákony meranie výpočty štatistika /

Guardado en:
Detalles Bibliográficos
Autor principal: Daňo, Martin (Autor)
Formato: Libro
Lenguaje:eslovaco
Publicado: Bratislava Univerzita komenského v Bratislave 2021
Edición:druhé prepracované a doplnené vydanie
Etiquetas: Agregar Etiqueta
Sin Etiquetas, Sea el primero en etiquetar este registro!

MARC

LEADER 00000nam a22000003a 4500
001 0108449
003 SK-STU
005 20240220112911.7
007 ta
008 240220s ----xo-----e------000-0-----d
020 |a 978-80-223-5259-8 
040 |a STU  |b slo 
041 0 |a slo 
100 1 |a Daňo, Martin  |4 aut 
245 1 0 |a Jadrové žiarenie  |b zákony meranie výpočty štatistika /  |c aut. Martin Daňo 
250 |a druhé prepracované a doplnené vydanie 
260 |a Bratislava  |b Univerzita komenského v Bratislave  |c 2021 
300 |a 408 s. 
996 |b 284J047460  |c J* 119611  |l JJSK  |s A  |a 24  |w 0108449_0001